000 01122nam a22003017i 4500
003 EG-GICUC
005 20260329142308.0
008 260307s1989 ua ||||| |||| 00| 0 ara d
040 _a EG-GICUC
_bara
_c EG-GICUC
_d EG-GICUC
_erda
041 0 _aara
082 0 4 _221
_a341.762
_bم ح . ن
092 0 4 _221
_a341.762
099 _aLaw1 11 341.762 م ح . ن 1989
100 0 _aمحمد رضا الديب
245 1 2 _aالنظام القانونى للمنظمة الإقتصادية الخالصة فى البحار /
_cمحمد رضا الديب
264 _a[الإسكندرية] :
_bدار الثقافة الجامعية،
_c1989
300 _a165 صفحة
_c24 سم
336 _2rda content
_atext
337 _2rda media
_aComputer
338 _2rda carrier
_aOnline Resource
504 _a. 240-220 ببليوجرافيا: صفحات.
650 1 _aالموارد الطبيعية
_xقانون دولى
_2qrmak
650 1 _aالبحار
_xالقانون الدولى
651 1 _2qrmak
856 4 0 _uhttps://fll.law.cu.edu.eg/fulltext/bks/B11-05383.pdf
905 _a15
942 _2ddc
_cBK
_e21
_n0
999 _c65768
_d65768